000 00249nam a22000977a 4500
999 _c11796
_d11796
008 200217b ||||| |||| 00| 0 eng d
020 _a0590965433
100 _aBergey Alyce
_97477
245 _aNight of the Ninjas
260 _aNew York
_bScholastic
_c1995